| 000 | 01000nas a2200265 4500 | ||
|---|---|---|---|
| 001 | BR9100411 | ||
| 003 | BR-BrBNA | ||
| 005 | 20231205091904.0 | ||
| 007 | ta | ||
| 008 | 230509b bl.|||p| |||| 00| 00por d | ||
| 040 |
_aBR-BrBNA _bpor _cBiblioteca Nacional de Agricultura |
||
| 041 | _a(Pt) | ||
| 072 | _aF30; F02; F63 | ||
| 100 | 1 | _aPasqual, M. | |
| 100 | 1 | _aBarros, I. de | |
| 245 | 1 | _aEfeito de benzilaminopurina e acido naftaleno acetico na proliferacao e elongacao de brotacoes micropropagadas em Coffea arabica L. "in vitro" | |
| 246 | 1 | _aEffect of benzylamino purine and naphtahaleneacetic acid on shoot proliferation and growth in vitro of Coffea arabica L. | |
| 650 | _aCAFE | ||
| 650 | _aESTIMULANTE DE CRESCIMENTO VEGETAL | ||
| 650 | _aCULTURA DE TECIDO | ||
| 650 | _aREPRODUCAO VEGETAL | ||
| 773 | 0 |
_tPesquisa Agropecuaria Brasileira (Brazil) _xISSN 0100-204X _g(Feb 1991), v. 26(2) p. 201-204 _wBR9100411 |
|
| 909 |
_a202311 _bLúcia _c55 _dLúcia Elande |
||
| 942 |
_2AGRIS _n0 _cANA |
||
| 999 |
_c127966 _d127966 |
||